01214nam a2200265 u 450000100070000000500170000700800410002402000150006503500110008003500210009104000130011204100080012508200080013310000370014124500360017825000170021426000440023130000190027550505230029465000170081765000220083465000260085670000360088270000300091811452420260506081504.0961204s1988 spa  a9501241270 a114524 a(OCoLC)777959265 ccomduadb aspa 4a15710aGera, Maria del Carmen4auteaut10aHacia el cumplimiento del deseo a1. edición aArgentina :bEdiciones Paidós,c1988. a229 páginas. aCONTENIDO : Introducción. -- PARTE I: Deseos y opciones. -- Ilusiones y opciones. -- Eligiendo la trascendencia compartida. -- La incompetencia afectiva. -- PARTE II: Opciones ilusorias. -- Escape de la ansiedad a través del melodrama. -- El discurso defensivo monotemático invertido. -- El monólogo narcisista sadomasoquista. -- Exhibicionismo, voyeurismo y drogadicción. -- PARTE III: Nuevas opciones. -- Superando el melodrama. -- PARTE IV: El deseo transformador en opción. -- Los seis modos de deseo. 7aDeseo2embne 7aSalud mental2dcs 7aPsicoanálisis2lemb10aLiendo, Ernesto Cesar4auteaut10aScott, Lila Lee4auteaut